Soccer Logos - Trivia #2 - Statistics

General Stats
  • This quiz has been taken 708 times
  • The average score is 47 of 60
Answer Stats
Question Tile Select % Correct
That play in London Yes
97%
That play in London No
96%
That play in London Yes
95%
That play in London No
94%
That play in London No
93%
That play in London No
92%
Teams with 5+ Coupe de France wins Yes
91%
That play in London No
90%
Teams to win the European Championships Yes
90%
Teams that Zlatan Ibrahimović played for No
90%
Teams to win the European Championships No
89%
Teams that Zlatan Ibrahimović played for Yes
89%
That play in London Yes
88%
That play in London No
88%
Teams to win the European Championships No
88%
Teams that Zlatan Ibrahimović played for No
88%
Teams that Zlatan Ibrahimović played for No
88%
That play in London Yes
87%
Teams with 5+ Coupe de France wins Yes
87%
Teams with 5+ Coupe de France wins No
87%
Teams to win the European Championships Yes
87%
Teams to win the European Championships Yes
87%
Teams that Zlatan Ibrahimović played for No
87%
Teams that Zlatan Ibrahimović played for No
87%
Teams that Zlatan Ibrahimović played for Yes
87%
Teams to win the European Championships No
86%
Teams who play in striped kits No
86%
Teams to win the European Championships Yes
85%
Teams with 5+ Coupe de France wins No
84%
Teams who play in striped kits No
84%
Teams who play in striped kits No
84%
Teams who play in striped kits No
84%
Teams that Zlatan Ibrahimović played for Yes
83%
Teams that Zlatan Ibrahimović played for Yes
83%
Teams that Zlatan Ibrahimović played for No
82%
Teams who play in striped kits No
81%
Teams who play in striped kits Yes
81%
Teams to win the European Championships No
80%
Teams with 5+ Coupe de France wins No
79%
Teams who play in striped kits Yes
77%
Teams with 5+ Coupe de France wins No
74%
Teams that Zlatan Ibrahimović played for No
74%
That play in London Yes
70%
Teams who play in striped kits No
70%
Teams who play in striped kits No
70%
Teams with 5+ Coupe de France wins Yes
68%
Teams who play in striped kits Yes
68%
Teams to win the European Championships Yes
65%
Teams that Zlatan Ibrahimović played for No
65%
Teams to win the European Championships Yes
63%
Teams with 5+ Coupe de France wins No
59%
Teams with 5+ Coupe de France wins No
58%
Teams with 5+ Coupe de France wins Yes
58%
Teams who play in striped kits Yes
58%
Teams who play in striped kits Yes
58%
Teams to win the European Championships No
56%
That play in London Yes
54%
Teams to win the European Championships Yes
50%
Teams with 5+ Coupe de France wins Yes
38%
Teams with 5+ Coupe de France wins Yes
7%
No matching quizzes found
Score Distribution
Percent of People with Each Score
Percentile by Number Answered
Your Score History
You have not taken this quiz